Statistics for Taylor Swift - The Way I Loved You Lyrics

Click here to take the quiz!

General Stats

  • This quiz has been taken 481 times
  • The average score is 289 of 330

Answer Stats

% Correct
I
100%
love
99%
way
99%
the
99%
you
99%
loved
98%
a
98%
and
97%
so
95%
in
95%
that
94%
your
94%
it's
93%
It's
93%
he
93%
He
93%
that's
92%
I'm
92%
my
92%
am
92%
to
91%
rain
91%
screaming
90%
is
90%
2
90%
kissing
89%
name
89%
But
89%
could
88%
all
88%
cursing
87%
feel
87%
insane
87%
are
87%
never
87%
Never
87%
act
86%
friends
86%
says
86%
miss
84%
single
84%
knew
83%
look
83%
fighting
83%
hear
83%
jealous
83%
his
83%
for
83%
much
82%
with
82%
me
82%
tonight
82%
beautiful
82%
car
82%
fine
82%
into
82%
when
81%
like
81%
rollercoaster
81%
incredible
81%
up
81%
father
81%
perfectly
80%
door
80%
He's
80%
charming
79%
You're
79%
need
79%
you're
79%
business
79%
get
79%
anything
79%
talks
79%
rush
78%
opens
78%
mother
78%
will
78%
undone
78%
kinda
77%
ask
77%
sensible
77%
everything
77%
coming
77%
couldn't
77%
exactly
76%
comfortable
76%
better
76%
were
75%
makes
74%
calls
74%
wait
74%
Breakin
74%
down
74%
not
73%
at
71%
space
70%
respects
70%
endearing
69%
close
68%
feeling
68%
can't
67%
just
67%
cause
66%
breaking
66%
see
66%
Breaking
66%
heart's
65%
smile
64%
acted
64%
faking
63%
crazy
63%
wild
61%
intoxicating
60%
frustrating
60%
oh
56%
got
56%
now
55%
away
53%
complicated
52%
mistake
52%
some
46%
by
44%

Score Distribution

Percentile by Number Answered

Percent of People with Each Score

Your Score History

You have not taken this quiz